LEADER 01341nam a2200277 i 4500 001 000000235934 003 CaOOAMICUS 005 20141118000000.0 008 141118s2012 it u000 u ita u 013 $a214838 020 $a978-88-425-4861-4 040 $aSeMil$bita 100 1 $aBarbarani, Emilio.$0(OLS)http://semarc/name/80619 245 10$aChi ha ucciso Lumi Videla? :$bil golpe Pinochet, la diplomazia italiana e i retroscena di un delitto /$cEmilio Barbarani ; prefazione di Giorgio Galli. 260 $aMilano :$bMursia,$c2012. 300 $a304 p. ;$c21 cm. 490 0 $aStoria, biografie, diari : storie generali e particolari 650 4$aDiplomazia - Italia.$0(OLS)http://semarc/subject/41912 700 1 $aGalli, Giorgio,$d<1928-2020>.$0(OLS)http://semarc/name/19304 830 0$aStoria, biografie, diari : storie generali e particolari.$0(OLS)http://semarc/title/42161 850 $aSeMil 852 $aSeMil$W1$xVenegono$y1$m3U V 461$j186280$B186280$CSeMilBibl$Z2$F198050 $81 961 $aLascito: Serenthà don Mario 996 $6020$a978-88-425-4861-4$9(OLS)http://semarc/number/240797 996 $6245$aChi ha ucciso Lumi Videla? :$bil golpe Pinochet, la diplomazia italiana e i retroscena di un delitto$9(OLS)http://semarc/title/336222 996 $6260$aMilano :$bMursia$9(OLS)http://semarc/publisher/30230 LEADER 01725nam a2200289 i 4500 001 000000059511 003 CaOOAMICUS 005 20220128113949.0 008 130619s1666 it u000 u lat u 013 $a30683 026 $aamam emo- n.45 Cost (3) 1666 (R) 040 $aSeMil$bita 100 1 $aQuesada, Pietro.$0(OLS)http://semarc/name/30366 245 10$aControversiarum forensium rerum practicabilium, et iudicatarum semicenturia. In qua selectiores, & in foro quotidie occurrentes quaestiones ... Et aliae plures cum theoria, tum in praxi tam apud ecclesiasticos, ... explicantur, & resoluuntur. Authore d. Petro Quesada .. 264 1$aRomae :$btypis Angeli Bernaḅ : sumptinus Iosephi Corvi,$c1666. 300 $a[16], 607, [1] p. ;$cfol. 500 $aFront. stampato in rosso e nero. - Segn. : A4 2a4 2A-4G4. - Iniz. xilogr. - Testo anche su due colonne. 700 1 $aQuesada, Pietro.$0(OLS)http://semarc/name/30366 700 1 $aCorvo, Giuseppe,$c.$0(OLS)http://semarc/name/6510 700 1 $aBernaḅ, Angelo,$c.$0(OLS)http://semarc/name/5584 850 $aSeMil 852 $aSeMil$W1$xVenegono$y1$m2J VI 32 FA$j25664$B25664$CSeMilBibl$Z2$F25667 $8I 941 1 $a10 961 $aRecupero: Mantegazza 996 $6245$aControversiarum forensium rerum practicabilium, et iudicatarum semicenturia. In qua selectiores, & in foro quotidie occurrentes quaestiones ... Et aliae plures cum theoria, tum in praxi tam apud ecclesiasticos, ... explicantur, & resoluuntur. Authore d. Petro Quesada ..$9(OLS)http://semarc/title/93006 996 $6264$aRomae :$btypis Angeli Bernaḅ : sumptinus Iosephi Corvi$9(OLS)http://semarc/publisher/33207